| 000 | 01287nam a22003617a 4500 | ||
|---|---|---|---|
| 003 | CHAP | ||
| 005 | 20220329133149.0 | ||
| 008 | 971013s1991 r 00010 d | ||
| 010 | _a2884 | ||
| 011 | _a3856 | ||
| 035 | _a3057 | ||
| 040 | _cCHAP | ||
| 090 | _aTesis | ||
| 100 | 0 | 0 |
_aValverde Ventura, René. _9117689 |
| 245 | _aPruebas de hipótesis para el parámetro de una distribución de tipo Weibull | ||
| 260 |
_aChapingo, Méx. : _bEl autor, _c1991 |
||
| 300 |
_a39 h. _b: gráfs. |
||
| 500 | _aD47-176 | ||
| 502 | _aTesis (M.C. Esp. en Estadística Experimental) -- C.P. Centro de Estadísitica y Cálculo | ||
| 590 |
_aALEPH _b10 _c20130110 _lUCH01 _h1214 |
||
| 590 |
_aBATCH-UPD _b10 _c20130109 _lUCH01 _h2310 |
||
| 590 |
_aBATCH-UPD _b10 _c20130110 _lUCH01 _h1121 |
||
| 590 |
_aBATCH-UPD _b10 _c20130409 _lUCH01 _h1828 |
||
| 590 |
_aBATCH-UPD _b10 _c20130410 _lUCH01 _h0711 |
||
| 590 |
_aBATCH-UPD _b10 _c20130914 _lUCH01 _h1006 |
||
| 590 |
_aCONVERSION _b10 _c20130109 _lUCH01 _h1303 |
||
| 650 | 1 | 4 |
_aModelos matemáticos. _976419 |
| 710 | 0 |
_aColegio de Postgraduados. Chapingo, Méx. Centro de Estadística y Cálculo. _925078 |
|
| 901 | _aBK | ||
| 942 | _cFOLL | ||
| 949 |
_bBC _cTES _d-12565 _eTS1 _h24167 _i3057 _si |
||
| 949 |
_bBC _cTES _d33724000696175 _eTS2 _fc.2 _h24168 _i3057 _si |
||
| 999 |
_c2884 _d2884 |
||